000 00403nam a2200193Ia 4500
001 12310
003 GE_BSU
008 181216s||||||||xx |||||||||||||| ||und||
040 _cGE_BSU
080 _a821.111-31
100 _aVarley,Jane
245 _aDearest Rivals
260 _aLondon
260 _bOrion Books
260 _c2009
300 _a421p.20cm.
653 _aDearest Rivals
942 _cBK
999 _c45485
_d45485